| 000 | 00456nam a22001457a 4500 | ||
|---|---|---|---|
| 003 | 0 | ||
| 005 | 20160609172139.0 | ||
| 008 | 130812t xxu||||| |||| 00| 0 eng d | ||
| 040 |
_aBUAC _bFr _cBEPAC |
||
| 100 |
_aADAMOU, Mahoudjro Roméo _926039 |
||
| 245 |
_aGestion des eaux usées dans le 6ème Arrondissement de COTONOU _cADAMOU, Mahoudjro Roméo |
||
| 260 |
_aAbomey-Calavi _bEcole Polytechnique d’Abomey-Calavi _c2007 |
||
| 300 | _a54p. | ||
| 942 | _cTHE | ||
| 999 |
_c52316 _d52316 |
||